| 000 | 00528nam a22002057a 4500 | ||
|---|---|---|---|
| 003 | koha_MIRAKIL | ||
| 005 | 20231213095956.0 | ||
| 008 | 231213b |||||||| |||| 00| 0 ||| d | ||
| 020 | _b978-6-05-541162-6 | ||
| 040 |
_aTR-IsEVY _btur _cTR-IsEVY |
||
| 082 | _a930 CHI/T | ||
| 100 | _aChilde, V. Gordon. | ||
| 245 | 0 | _aTarihte neler oldu? | |
| 250 | _a6. bs. | ||
| 260 |
_bKırmızı Yayınları, _c2014 |
||
| 300 | _a298 s. | ||
| 650 | _aCivilization, Ancient. | ||
| 650 | _aMethodology -- History. | ||
| 942 |
_2ddc _cBK |
||
| 999 |
_c12472 _d12472 |
||